000 00343pam a2200157a 44500
008 230515b1983 xxu||||| |||| 00| 0 eng d
020 _aNULL
041 _aENGLISH
082 _a651
100 _aGARBUTT D
245 _aCARTRS ADVANCED ACCOUNTS
250 _a7
260 _aDELHI
_bPITMAN BOOK
_c1983
300 _a2976
650 _aNULL
999 _c650732
_d650732